Statistics for Biggest Cities in Colombia Quiz

Click here to take the quiz!

General Stats

  • This quiz has been taken 4,602 times
    (3,732 since last reset)
  • The average score is 7 of 20

Answer Stats

Population City % Correct
7,963,400Bogotá
100%
2,457,700Medellín
88%
2,358,300Cali
73%
971,600Cartagena
55%
1,219,400Barranquilla
54%
474,500Santa Marta
27%
521,900Bucaramanga
26%
634,300Cúcuta
23%
371,000Pasto
22%
398,700Pereira
21%
370,000Manizales
19%
373,700Buenaventura
18%
471,400Villavicencio
18%
324,400Neiva
18%
528,200Ibagué
18%
395,900Valledupar
17%
346,900Montería
17%
516,400Soacha
16%
631,600Soledad
16%
458,200Bello
15%

Score Distribution

Percentile by Number Answered

Percent of People with Each Score

Your Score History

You have not taken this quiz since the last reset